College Football Color-Swap: MAC - Statistics

General Stats
  • This quiz has been taken 42 times
  • The average score is 12 of 13
Answer Stats
Question Answer % Correct
Choose the correct logo:
100%
Choose the correct logo:
97%
Choose the correct logo:
97%
Choose the correct logo:
94%
Choose the correct logo:
94%
Choose the correct logo:
91%
Choose the correct logo:
91%
Choose the correct logo:
88%
Choose the correct logo:
85%
Choose the correct logo:
85%
Choose the correct logo:
82%
Choose the correct logo:
76%
Choose the correct logo:
71%
No matching quizzes found
Score Distribution
Percent of People with Each Score
Percentile by Number Answered
Your Score History
You have not taken this quiz